书目信息 |
| 题名: |
网箱养鱼实用技术
|
|
| 作者: | 陈若军 编 | |
| 分册: | ||
| 出版信息: | 北京 化学工业出版社 1998.05 |
|
| 页数: | 138页 | |
| 开本: | 32开 | |
| 丛书名: | ||
| 单 册: | ||
| 中图分类: | S964.7 | |
| 科图分类: | ||
| 主题词: | 水产养殖--技术 | |
| 电子资源: | ||
| ISBN: | 7-5025-2109-7 | |
| 000 | 00565nam0 2200193 45 | |
| 001 | 0011161879 | |
| 005 | 20001116182328.1 | |
| 010 | @a7-5025-2109-7@d7.20元 | |
| 100 | @a20001116d1998 km y0chiy0120 ea | |
| 101 | 0 | @achi |
| 105 | @a z 000yy | |
| 200 | 1 | @a网箱养鱼实用技术@AWang Xiang Yang Yu Shi Yong Ji Shu@f陈若军等编@FChen Ruo Jun Deng Bian |
| 210 | @a北京@c化学工业出版社@d1998.05 | |
| 215 | @a138页@d32开 | |
| 606 | 0 | @a水产养殖@x技术 |
| 690 | @aS964.7@v3 | |
| 701 | 0 | @a陈若军@4编 |
| 801 | @aCN@bPftUser@c20001116 | |
| 905 | @b409701-703@dS964.7@eCH355@f3 | |
| 网箱养鱼实用技术/陈若军等编.-北京:化学工业出版社,1998.05 |
| 138页;32开 |
| ISBN 7-5025-2109-7:7.20元 |
| ● |
| 相关链接 |
|
|
|
正题名:网箱养鱼实用技术
索取号:S964.7/CH355
 
预约/预借
| 序号 | 登录号 | 条形码 | 馆藏地/架位号 | 状态 | 备注 |
| 1 | 409701 | 204097011 | 自科库401/401自科库 2排3列2层/ [索取号:S964.7/CH355] | 在馆 | |
| 2 | 409702 | 204097020 | 自科库401/401自科库 2排3列2层/ [索取号:S964.7/CH355] | 在馆 | |
| 3 | 409703 | 204097039 | 自科库401/401自科库 2排3列2层/ [索取号:S964.7/CH355] | 在馆 |